Meilleurs Buteurs d'Arsenal - Statistiques

Statistiques générales
  • Ce quiz a été pris 390 fois
    168 depuis la dernière actualisation
  • Le résultat moyen est 7 sur 20
Statistiques - réponses
Buts Nation Joueurs % Correct
228 France Thierry Henry
100%
92 Gabon Pierre-Emerick Aubameyang
87%
132 Pays-Bas Robin van Persie
81%
80 Chili Alexis Sanchez
79%
120 Pays-Bas Dennis Bergkamp
71%
105 France Olivier Giroud
68%
84 France Robert Pirès
62%
180 Angleterre Ian Wright
45%
108 Angleterre Theo Walcott
37%
72 Suède Freddie Ljungberg
26%
106 Angleterre Alan Smith
9%
93 Angleterre Paul Merson
2%
72 Angleterre Cliff Holton
1%
95 Écosse David Herd
1%
85 Angleterre Doug Lishman
1%
90 Irlande Frank Stapleton
1%
72 Angleterre Geoff Strong
1%
96 Angleterre Joe Baker
1%
128 Angleterre John Radford
1%
75 Angleterre Alan Sunderland
0%
Aucun quiz correspondant
Distribution des résultats
% des personnes avec chaque résultat
Percentile par nombre de réponses
Votre historique - résultats
Vous n’avez pas pris ce quiz depuis la dernière actualisation